Largest Countries by Area- Asia - Statistics

General Stats
  • This quiz has been taken 21 times
  • The average score is 18 of 48
Answer Stats
Area (sq km) Answer % Correct
9,596,960 China
100%
3,287,263 India
88%
1,648,195 Iran
63%
2,724,900 Kazakhstan
63%
1,564,116 Mongolia
63%
2,149,690 Saudi Arabia
63%
796,095 Pakistan
56%
1,904,569 Indonesia
50%
438,317 Iraq
50%
676,578 Myanmar
50%
513,120 Thailand
50%
783,562 Turkey
50%
652,230 Afghanistan
44%
309,500 Oman
44%
719.2 Singapore
44%
527,968 Yemen
44%
760 Bahrain
38%
5765 Brunei
38%
329,847 Malaysia
38%
300,000 Philippines
38%
488,100 Turkmenistan
38%
447,400 Uzbekistan
38%
181,035 Cambodia
31%
377,915 Japan
31%
199,951 Kyrgyzstan
31%
10,400 Lebanon
31%
298 Maldives
31%
11,586 Qatar
31%
187,437 Syria
31%
14,874 Timor-Leste
31%
331,210 Vietnam
31%
38,394 Bhutan
25%
21,937 Israel
25%
89,342 Jordan
25%
17,818 Kuwait
25%
147,181 Nepal
25%
120,538 North Korea
25%
99,720 South Korea
25%
65,610 Sri Lanka
25%
35,980 Taiwan
25%
29,743 Armenia
19%
148,460 Bangladesh
19%
9251 Cyprus
19%
69,700 Georgia
19%
236,800 Laos
19%
144,100 Tajikistan
19%
83,600 United Arab Emirates
19%
86,600 Azerbaijan
13%
No matching quizzes found
Score Distribution
Percent of People with Each Score
Percentile by Number Answered
Your Score History
You have not taken this quiz